Estadísticas para Países con el Inglés como Idioma Oficial

Haz click aquí para intentar la prueba.

Estadísticas generales

  • Esta prueba ha sido intentada 32 veces
  • La puntuación promedio es 35 de 54

Estadísticas de respuestas

Respuesta% Correcto
Canadá
93%
Sudáfrica
89%
Antigua y Barbuda
81%
Nueva Zelanda
81%
Guyana
78%
Irlanda
78%
Jamaica
78%
Tuvalu
78%
Bahamas
74%
Barbados
74%
Fiyi
74%
Nauru
74%
San Vicente y las Granadinas
74%
Trinidad y Tobago
74%
Vanuatu
74%
Belice
70%
Islas Marshall
70%
Namibia
70%
San Cristóbal y Nieves
70%
Santa Lucía
70%
Seychelles
70%
Tonga
70%
Estados Federados de Micronesia
67%
India
67%
Islas Salomón
67%
Kenia
67%
Kiribati
67%
Papúa Nueva Guinea
67%
Samoa
67%
Mauricio
63%
Nigeria
63%
Singapur
63%
Tanzania
63%
Botsuana
59%
Dominica
59%
Gambia
59%
Granada
59%
Lesoto
59%
Suazilandia
59%
Filipinas
56%
Ghana
56%
Liberia
56%
Palaos
56%
Sierra Leona
56%
Sudán
56%
Uganda
56%
Zambia
56%
Zimbabue
56%
Ruanda
52%
Camerún
48%
Pakistán
48%
Malaui
41%
Malta
41%
Jordania
19%

Distribución de puntuación

Porcentaje por número respondido

Porcentaje de gente con cada puntuación

Historial de tus puntuaciones

No has intentado esta prueba.